Serien Charaktere erraten mit Bildern - Teil 2 - Statistiken

Allgemein
  • Dieses Quiz wurde 235 mal gespielt
    105 seit der letzten Aktualisierung
  • Das Durchschnittsergebnis liegt bei 5 aus 15
Antwortstatistiken
Bildquiz Antwort % Korrekt
Raymond Reddington
66%
Jon Schnee
59%
Meredith Grey
52%
Monkey D. Ruffy
49%
Archie Andrews
48%
Homelander
38%
Bree van de Kamp (Hodge)
33%
Ally McBeal
21%
Fox Mulder
20%
Morticia Addams
19%
Horatio
18%
Spike
16%
Tony Soprano
16%
Denny Crane
6%
Dr. Doug Ross
6%
Keine übereinstimmenden Quizze gefunden
Verteilung der Resultate
Anzahl Personen mit jedem Resultat
Perzentil nach korrekt beantworteten Fragen
Ihre Resultats-Entwicklung
Sie haben dieses Quiz seit der letzten Aktualisierung nicht gespielt